[Event "Championship Saratov region 2014"]
[Site "Saratov"]
[Date "2014.12.13"]
[Round "8.3"]
[White "Petukhov, Dmitry"]
[Black "Karpenko, Artem"]
[Result "1-0"]
[WhiteElo "2359"]
[BlackElo "2165"]
[PlyCount "115"]
[EventDate "2014.12.06"]

1. Nf3 d5 2. g3 Nf6 3. Bg2 Bg4 4. Ne5 Bf5 5. c4 c6 6. cxd5 cxd5 7. Nc3 e6 8.
Qb3 Qb6 9. Qxb6 axb6 10. Nb5 Na6 11. O-O Rc8 12. d3 Bg6 13. Bg5 Be7 14. Rac1
O-O 15. Nd7 Nxd7 16. Bxe7 Rxc1 17. Rxc1 Re8 18. Ba3 f6 19. Nd6 Rb8 20. Bh3 f5
21. e4 Ndc5 22. exf5 exf5 23. Nxf5 Nxd3 24. Rd1 Ndb4 25. Rd4 Nc6 26. Rxd5 Bf7
27. Rd7 Nc5 28. Bxc5 bxc5 29. a3 Ne5 30. Rc7 b6 31. Bf1 Rd8 32. f4 Nf3+ 33. Kg2
Nd2 34. Kf2 Ne4+ 35. Kg1 h6 36. Rc8 Re8 37. Bb5 Rxc8 38. Ne7+ Kf8 39. Nxc8 g5
40. fxg5 Nxg5 41. Nxb6 Nf3+ 42. Kg2 Nd4 43. Bc4 Bg6 44. Nd7+ Ke7 45. Nxc5 Kd6
46. b4 Nc2 47. Kf2 Nxa3 48. Bd3 Be8 49. Ke3 Ke5 50. Ne4 Nb5 51. Bxb5 Bxb5 52.
Nf2 Bd7 53. Nd3+ Kd5 54. Kf4 Kd4 55. Ne5 Be8 56. Ng4 h5 57. Nf6 Bf7 58. Kg5 1-0

[Event "Championship Saratov region 2014"]
[Site "Saratov"]
[Date "2014.12.13"]
[Round "8.4"]
[White "Sudnik, Pavel"]
[Black "Dmitriev, Igor"]
[Result "1/2-1/2"]
[WhiteElo "2032"]
[BlackElo "2279"]
[PlyCount "113"]
[EventDate "2014.12.06"]

1. e4 c6 2. d4 d5 3. Nc3 Be6 4. f3 g6 5. Be3 Qb6 6. Nge2 dxe4 7. fxe4 Bc4 8. b3
Bxe2 9. Bxe2 Nf6 10. O-O Bg7 11. Bc4 O-O 12. e5 Nfd7 13. Qf3 e6 14. Ne4 c5 15.
c3 Qc6 16. a4 cxd4 17. cxd4 f6 18. exf6 Nxf6 19. Nxf6+ Rxf6 20. Qxc6 Nxc6 21.
Rxf6 Bxf6 22. Bxe6+ Kg7 23. Rd1 b6 24. Bd5 Re8 25. Bf2 Ne7 26. Be6 Rd8 27. d5
Kf8 28. Bg3 Nf5 29. Bc7 Re8 30. Bxf5 gxf5 31. d6 Ra8 32. d7 Bd8 33. Bd6+ Kf7
34. Re1 Bh4 35. g3 Rg8 36. Kf2 Bd8 37. Kf3 Rg6 38. Re8 Rxd6 39. Rxd8 Ke6 40.
Re8+ Kxd7 41. Ra8 a5 42. Ra7+ Ke6 43. Rxh7 Rd3+ 44. Kf4 Rd4+ 45. Kg5 Rg4+ 46.
Kh6 Rb4 47. h4 Rxb3 48. Rg7 Rb4 49. h5 Rxa4 50. Rg6+ Kf7 51. Rxb6 Rg4 52. Rb5
Kf6 53. Rxa5 Rxg3 54. Ra6+ Kf7 55. Ra5 Kf6 56. Ra6+ Kf7 57. Ra5 1/2-1/2

[Event "Championship Saratov region 2014"]
[Site "Saratov"]
[Date "2014.12.13"]
[Round "8.5"]
[White "Kvitka, Roman"]
[Black "Gluhenkii, Dmitry"]
[Result "0-1"]
[WhiteElo "2140"]
[BlackElo "2141"]
[PlyCount "79"]
[EventDate "2014.12.06"]

1. d4 Nf6 2. c4 g6 3. Nc3 Bg7 4. Nf3 O-O 5. Bf4 d6 6. h3 c6 7. e3 Bf5 8. Be2
Ne4 9. Nxe4 Bxe4 10. O-O Qb6 11. Qd2 Na6 12. Rac1 Bxf3 13. Bxf3 e5 14. dxe5
dxe5 15. Bg5 f6 16. Bh4 Rad8 17. Qc3 e4 18. c5 Nxc5 19. Qc4+ Rd5 20. Bxe4 Nxe4
21. Qxe4 Qd8 22. Qe6+ Kh8 23. e4 Rd4 24. Rc4 Rd2 25. Rb4 Re8 26. Qc4 Qd7 27.
Qc3 g5 28. Bg3 f5 29. Qc1 f4 30. Bh2 Rd4 31. Qc5 Rxb4 32. Qxb4 Qe7 33. Qa5 b6
34. Qa4 b5 35. Qa6 Qxe4 36. Qxa7 Bxb2 37. h4 gxh4 38. Qc7 Rg8 39. f3 Bd4+ 40.
Kh1 0-1

[Event "Championship Saratov region 2014"]
[Site "Saratov"]
[Date "2014.12.13"]
[Round "8.6"]
[White "Lysenkov, Alexandr"]
[Black "Guliev, Gasan"]
[Result "1/2-1/2"]
[WhiteElo "2113"]
[BlackElo "2064"]
[PlyCount "61"]
[EventDate "2014.12.06"]

1. d4 Nf6 2. Nf3 g6 3. g3 Bg7 4. Bg2 O-O 5. O-O d6 6. c4 c5 7. Nc3 Nc6 8. d5
Na5 9. Nd2 a6 10. a4 Bd7 11. Qc2 Rb8 12. h3 b5 13. axb5 axb5 14. cxb5 Bxb5 15.
Nxb5 Rxb5 16. e4 Qb6 17. Ra2 Rb8 18. e5 dxe5 19. Re1 Nb3 20. Nc4 Nd4 21. Qd1
Qd8 22. Rxe5 Nc6 23. Re1 Nb4 24. Ra3 Nfxd5 25. Bg5 h6 26. Bxe7 Nxe7 27. Qxd8+
Rxd8 28. Rxe7 Bf6 29. Rc7 Nd3 30. Ra8 Rxa8 31. Bxa8 1/2-1/2

[Event "Championship Saratov region 2014"]
[Site "Saratov"]
[Date "2014.12.13"]
[Round "8.7"]
[White "Efimov, Ivan"]
[Black "Chekmareva, Liya"]
[Result "1/2-1/2"]
[WhiteElo "2157"]
[BlackElo "1948"]
[PlyCount "98"]
[EventDate "2014.12.06"]

1. e4 c5 2. Nf3 e6 3. Nc3 a6 4. a4 Qc7 5. Be2 Be7 6. O-O d6 7. d4 cxd4 8. Nxd4
b6 9. f4 Bb7 10. Bf3 Nd7 11. Be3 Ngf6 12. Nde2 h5 13. Ng3 h4 14. Nh1 Nc5 15.
Nf2 Rd8 16. Bd4 e5 17. Be3 d5 18. exd5 exf4 19. Bc1 Ne6 20. Qd3 Ng5 21. Rd1 h3
22. Qf5 Nxf3+ 23. gxf3 Rh5 24. Qxf4 Bd6 25. Qe3+ Kf8 26. Nfe4 Bxh2+ 27. Kh1
Nxd5 28. Qf2 Nxc3 29. Rxd8+ Qxd8 30. bxc3 Be5 31. Be3 Qa8 32. Nd2 Bxc3 33. Ra3
Be5 34. Bxb6 Rg5 35. Qh4 Bf6 36. Qh8+ Ke7 37. Re3+ Kd6 38. Qxh3 g6 39. Rd3+ Kc6
40. Qd7+ Kxb6 41. Qd6+ Ka7 42. Qxf6 Rh5+ 43. Kg2 Qc8 44. Qd4+ Qc5 45. Nb3 Qxd4
46. Rxd4 Rg5+ 47. Kf2 Rf5 48. Rd3 Rf4 49. Kg3 g5 1/2-1/2

[Event "Championship Saratov region 2014"]
[Site "Saratov"]
[Date "2014.12.13"]
[Round "8.8"]
[White "Palin, Denis"]
[Black "Khatkevich, Alexandr"]
[Result "1/2-1/2"]
[WhiteElo "2108"]
[BlackElo "2049"]
[PlyCount "20"]
[EventDate "2014.12.06"]

1. c4 e6 2. d4 d5 3. cxd5 exd5 4. Nc3 Nf6 5. Nf3 c6 6. Bg5 Be7 7. e3 Bf5 8. Bd3
Bxd3 9. Qxd3 Nbd7 10. O-O O-O 1/2-1/2

[Event "Championship Saratov region 2014"]
[Site "Saratov"]
[Date "2014.12.13"]
[Round "8.9"]
[White "Zhdanov, Petr"]
[Black "Gitelson, Arkady"]
[Result "0-1"]
[WhiteElo "2060"]
[BlackElo "1854"]
[PlyCount "40"]
[EventDate "2014.12.06"]

1. e4 e6 2. d4 d5 3. Nc3 Bb4 4. Nge2 dxe4 5. a3 Bxc3+ 6. Nxc3 Nc6 7. Bb5 Nge7
8. O-O O-O 9. Be3 f5 10. Ne2 Ng6 11. f4 exf3 12. Rxf3 e5 13. Bc4+ Kh8 14. g3 f4
15. gxf4 Bg4 16. Rf1 exf4 17. Bf2 Qg5 18. h4 Nxh4 19. Bxh4 Qxh4 20. Rf2 f3 0-1

[Event "Championship Saratov region 2014"]
[Site "Saratov"]
[Date "2014.12.13"]
[Round "8.10"]
[White "Raisov, Idris"]
[Black "Brekhov, Denis"]
[Result "1-0"]
[WhiteElo "2049"]
[BlackElo "1949"]
[PlyCount "65"]
[EventDate "2014.12.06"]

1. Nf3 f5 2. d4 Nf6 3. c4 e6 4. Nc3 d5 5. Bf4 c6 6. e3 Be7 7. Bd3 Nbd7 8. cxd5
cxd5 9. h3 a6 10. O-O O-O 11. Ne5 Nxe5 12. Bxe5 Bd6 13. f4 Bxe5 14. fxe5 Ne4
15. Bxe4 fxe4 16. Qg4 Rxf1+ 17. Rxf1 Bd7 18. Ne2 Qe7 19. Nf4 Rc8 20. Nh5 Kh8
21. Kh2 Rg8 22. Rf2 Be8 23. Nf4 Bf7 24. Rc2 g5 25. Nh5 Bxh5 26. Qxh5 Qg7 27.
Kg3 Qg6 28. Qxg6 Rxg6 29. Kg4 h6 30. Rf2 Kg7 31. Kh5 g4 32. h4 g3 33. Rf8 1-0

[Event "Championship Saratov region 2014"]
[Site "Saratov"]
[Date "2014.12.13"]
[Round "8.11"]
[White "Aseeva, Anastasia"]
[Black "Kavyev, Ruslan"]
[Result "1-0"]
[WhiteElo "1983"]
[BlackElo "1854"]
[PlyCount "209"]
[EventDate "2014.12.06"]

1. d4 Nf6 2. c4 c5 3. d5 b5 4. cxb5 a6 5. bxa6 g6 6. Nc3 Bxa6 7. g3 d6 8. Bg2
Bg7 9. Nf3 Nbd7 10. O-O Nb6 11. Re1 O-O 12. e4 Nfd7 13. Qc2 Nc4 14. Rd1 Qb6 15.
Rb1 Rfb8 16. b3 Qb4 17. bxc4 Qxc3 18. Qxc3 Bxc3 19. Bg5 f6 20. Bd2 Bb2 21. Bf1
Bc8 22. Bc1 Rxa2 23. Rd2 Bxc1 24. Rxb8 Bxd2 25. Rxc8+ Kf7 26. Bh3 Nf8 27. Nxd2
Rxd2 28. f4 Rd4 29. e5 fxe5 30. fxe5 dxe5 31. Rxc5 g5 32. Rc7 g4 33. Bg2 e4 34.
Kf2 Rd2+ 35. Kf1 e3 36. Be4 Ng6 37. d6 Rxd6 38. Ke2 Rd2+ 39. Kxe3 Rxh2 40. c5
Ne5 41. Ra7 h5 42. c6 Nxc6 43. Bxc6 h4 44. gxh4 Rxh4 45. Kf4 Kf6 46. Kg3 Rh3+
47. Kxg4 Rc3 48. Be4 e6 49. Ra5 Rc1 50. Rh5 Rg1+ 51. Kf4 Rf1+ 52. Bf3 e5+ 53.
Kg3 Rg1+ 54. Kf2 Rg5 55. Rh8 Rg7 56. Ke3 Ra7 57. Rf8+ Ke6 58. Bg4+ Kd6 59. Rf6+
Kd5 60. Bf3+ Kc5 61. Rc6+ Kb5 62. Re6 Ra1 63. Rxe5+ Kb4 64. Be2 Ra3+ 65. Kd4
Ra5 66. Re8 Kb3 67. Re3+ Kc2 68. Bc4 Kd1 69. Re2 Rh5 70. Rg2 Rh4+ 71. Kc3 Rh3+
72. Bd3 Re3 73. Ra2 Ke1 74. Kd4 Re8 75. Be4 Kd1 76. Ke3 Kc1 77. Rc2+ Kd1 78.
Rb2 Rc8 79. Rb1+ Rc1 80. Rb2 Rc8 81. Rh2 Kc1 82. Ra2 Rc7 83. Ra1+ Kb2 84. Rb1+
Ka3 85. Bd5 Ka4 86. Kd4 Ka5 87. Bc4 Rh7 88. Rb8 Rd7+ 89. Bd5 Ka6 90. Kc5 Rg7
91. Ra8+ Ra7 92. Rh8 Rc7+ 93. Bc6 Rg7 94. Ra8+ Ra7 95. Rb8 Rg7 96. Rb2 Rg5+ 97.
Bd5 Ka7 98. Rb7+ Ka6 99. Rb6+ Ka7 100. Rb1 Rh5 101. Ra1+ Kb8 102. Rb1+ Kc8 103.
Kd6 Rh6+ 104. Be6+ Kd8 105. Rb8# 1-0

[Event "Championship Saratov region 2014"]
[Site "Saratov"]
[Date "2014.12.13"]
[Round "8.12"]
[White "Fedukin, Alexandre"]
[Black "Upolovnev, Vladimir"]
[Result "0-1"]
[WhiteElo "1862"]
[BlackElo "1909"]
[PlyCount "126"]
[EventDate "2014.12.06"]

1. c4 Nc6 2. Nc3 e5 3. g3 g6 4. Bg2 Bg7 5. e3 d6 6. Nge2 Nge7 7. O-O Be6 8. Nd5
Nf5 9. Nec3 a5 10. a3 h5 11. h3 O-O 12. Rb1 Qd7 13. Ne4 Bxd5 14. cxd5 Nce7 15.
Nc3 c6 16. b4 Nh6 17. dxc6 bxc6 18. b5 d5 19. Na4 Rab8 20. b6 Qd6 21. d4 Nhf5
22. Bb2 exd4 23. exd4 Nc8 24. Bc1 Nxd4 25. Bf4 Be5 26. Qxd4 Bxd4 27. Bxd6 Nxd6
28. Rfd1 Nb5 29. Rb3 Be5 30. Bxd5 Nd4 31. Rxd4 Bxd4 32. Bxc6 Rfc8 33. Bd5 Kg7
34. b7 Rc2 35. Rf3 f6 36. Bb3 Rc1+ 37. Kg2 Rxb7 38. Rd3 Ba7 39. Bd5 Rbc7 40.
Nb2 R1c3 41. Rd1 Rd7 42. Re1 Bxf2 43. Kxf2 Rxd5 44. Re7+ Kf8 45. Rb7 Rd2+ 46.
Ke1 Rh2 47. Nd1 Rxg3 48. Nf2 Rg1+ 49. Ke2 Rgg2 50. Ra7 Rxf2+ 51. Ke3 Ra2 52.
Rxa5 Rxh3+ 53. Ke4 Raxa3 54. Rb5 Rhb3 55. Rc5 Re3+ 56. Kf4 Rec3 57. Re5 fxe5+
58. Kg5 e4 59. Kh6 Kg8 60. Kxg6 e3 61. Kf5 e2 62. Kg5 Rc5+ 63. Kf4 Ra4+ 0-1

[Event "Championship Saratov region 2014"]
[Site "Saratov"]
[Date "2014.12.13"]
[Round "8.13"]
[White "Gagarkine, Nikolay"]
[Black "Stepanov, Nikolay"]
[Result "1-0"]
[WhiteElo "1838"]
[BlackElo "1602"]
[PlyCount "137"]
[EventDate "2014.12.06"]

1. d4 Nf6 2. Nf3 d5 3. Bg5 e6 4. Bxf6 Qxf6 5. e3 Bd6 6. Bd3 O-O 7. c4 c5 8. O-O
Nc6 9. cxd5 exd5 10. Nc3 Be6 11. Bb5 cxd4 12. exd4 Ne7 13. Re1 Ng6 14. Ba4 Nf4
15. Bc2 Rac8 16. Re3 Qh6 17. g3 Nh3+ 18. Kf1 Ng5 19. Nxg5 Qxg5 20. Qd3 g6 21.
Rae1 Qh5 22. Kg1 a6 23. Bd1 Qg5 24. h4 Qd8 25. Bf3 Bb4 26. Qd2 Qa5 27. h5 Kg7
28. Kg2 Be7 29. R3e2 Bb4 30. Qe3 Bxc3 31. bxc3 gxh5 32. Qg5+ Kh8 33. Qf6+ Kg8
34. Rh1 Qd8 35. Qh6 Bf5 36. Qxh5 Bg6 37. Qxd5 Rxc3 38. Qe5 Qc7 39. Rhe1 Qxe5
40. Rxe5 b5 41. R1e2 Kg7 42. Bb7 Ra3 43. Rd2 Bb1 44. Ree2 b4 45. Rb2 Bd3 46.
Re3 a5 47. Rd2 Rb8 48. Bd5 Rd8 49. Rexd3 Rxd3 50. Rxd3 Rxd5 51. Kf3 f5 52. Ke3
a4 53. Rd1 Kf6 54. Kd3 f4 55. Kc4 Rf5 56. g4 Rg5 57. f3 h5 58. gxh5 Rxh5 59.
Kxb4 Rh2 60. a3 Kg5 61. Kxa4 Kh4 62. d5 Kg3 63. Rd3 Re2 64. d6 Re3 65. Rd4 Re8
66. d7 Rd8 67. Rd3 Kf2 68. Kb4 Ke2 69. Kc4 1-0

[Event "Championship Saratov region 2014"]
[Site "Saratov"]
[Date "2014.12.13"]
[Round "8.14"]
[White "Tyapkin, Petr"]
[Black "Vdovin, Sergey"]
[Result "1/2-1/2"]
[WhiteElo "1750"]
[BlackElo "1792"]
[PlyCount "57"]
[EventDate "2014.12.06"]

1. Nf3 d5 2. d4 Nf6 3. c4 c6 4. e3 a6 5. b3 b5 6. Nc3 Bg4 7. Be2 e6 8. O-O Nbd7
9. Bb2 Bd6 10. h3 Bh5 11. Ne5 Bxe2 12. Nxe2 Rc8 13. Qd3 O-O 14. cxd5 cxd5 15.
a4 Qb6 16. Nxd7 Nxd7 17. Nc3 Rb8 18. axb5 axb5 19. e4 dxe4 20. Nxe4 Be7 21. d5
exd5 22. Qxd5 Rfd8 23. Qf5 Qg6 24. Qxg6 hxg6 25. Ra7 Kf8 26. Rc1 Ra8 27. Rb7
Rab8 28. Ra7 Ra8 29. Rb7 1/2-1/2

[Event "Championship Saratov region 2014"]
[Site "Saratov"]
[Date "2014.12.13"]
[Round "8.15"]
[White "Kavyev, Emil"]
[Black "Davydov, Artem"]
[Result "1/2-1/2"]
[WhiteElo "1714"]
[BlackElo "1713"]
[PlyCount "60"]
[EventDate "2014.12.06"]

1. e4 c5 2. Nf3 d6 3. d4 cxd4 4. Nxd4 Nf6 5. Nc3 g6 6. Be3 Bg7 7. f3 O-O 8. Qd2
Nc6 9. O-O-O d5 10. Kb1 Nxd4 11. e5 Nf5 12. exf6 exf6 13. Nxd5 Nxe3 14. Qxe3
Be6 15. Bc4 Re8 16. Qf4 Qa5 17. Bb3 f5 18. Qc7 Qa6 19. h4 h6 20. f4 h5 21. Qc5
Bxd5 22. Rxd5 Qf6 23. c3 Rac8 24. Qxa7 Rxc3 25. Rd2 Rd3 26. Qf2 Rxd2 27. Qxd2
Rd8 28. Qf2 Rd4 29. g3 Rb4 30. Rd1 Qc6 1/2-1/2

[Event "Championship Saratov region 2014"]
[Site "Saratov"]
[Date "2014.12.14"]
[Round "9.1"]
[White "Kruzhilin, Aleksey"]
[Black "Petukhov, Dmitry"]
[Result "0-1"]
[WhiteElo "2059"]
[BlackElo "2359"]
[PlyCount "118"]
[EventDate "2014.12.06"]

1. d4 Nf6 2. c4 g6 3. Nc3 d5 4. Bf4 Bg7 5. e3 c6 6. h3 O-O 7. Nf3 Be6 8. Qb3
Qc8 9. Rc1 dxc4 10. Bxc4 Bxc4 11. Qxc4 Nbd7 12. O-O Nb6 13. Qb3 Qf5 14. Bh2
Nfd7 15. Rfd1 c5 16. dxc5 Nxc5 17. Qb5 Rac8 18. Nd4 Qf6 19. Bg3 a6 20. Qxc5
Rxc5 21. Ne4 Qxd4 22. exd4 Rxc1 23. Rxc1 Bxd4 24. Rc7 h6 25. Rxb7 f5 26. Bc7
Nd5 27. Nc3 Nxc3 28. bxc3 Bxc3 29. Ra7 Rc8 30. Bb6 Rc6 31. Rxa6 Kf7 32. a4 h5
33. a5 Bxa5 34. Rxa5 Rxb6 35. g3 Rb4 36. h4 f4 37. Kg2 Kf6 38. Ra8 e5 39. Re8
Kf5 40. Rf8+ Ke6 41. Re8+ Kd5 42. Rg8 fxg3 43. fxg3 Rb6 44. Kf3 e4+ 45. Kf4
Rf6+ 46. Kg5 Re6 47. Rd8+ Kc4 48. Rc8+ Kd3 49. Rd8+ Kc2 50. Rc8+ Kd2 51. Rd8+
Ke1 52. Kf4 e3 53. Kf3 e2 54. Kg2 Re3 55. Rd6 Ra3 56. Rd8 Ra1 57. Rd6 Rd1 58.
Rxg6 Kd2 59. Rd6+ Kc3 0-1

[Event "Championship Saratov region 2014"]
[Site "Saratov"]
[Date "2014.12.14"]
[Round "9.2"]
[White "Biryukov, Dmitriy"]
[Black "Shlegin, Stanislav"]
[Result "1-0"]
[WhiteElo "2278"]
[BlackElo "2336"]
[PlyCount "95"]
[EventDate "2014.12.06"]

1. e4 e5 2. Nf3 d6 3. Bc4 Be7 4. d3 Nf6 5. O-O O-O 6. h3 c6 7. Nc3 Nbd7 8. a4
Nc5 9. Ba2 Be6 10. Re1 Bxa2 11. Rxa2 Ne6 12. Ra1 Nd7 13. d4 Ng5 14. d5 Nxf3+
15. Qxf3 c5 16. Nd1 Bg5 17. Bxg5 Qxg5 18. Ne3 g6 19. Qg4 Qd8 20. Nc4 Qe7 21. f4
Nb6 22. Nxb6 axb6 23. f5 Rfd8 24. c4 Qf8 25. b3 Qh6 26. Re2 g5 27. f6 Qxf6 28.
Rf1 Qg6 29. Ref2 Kg7 30. Rxf7+ Qxf7 31. Rxf7+ Kxf7 32. Qf5+ Kg7 33. Qxg5+ Kf7
34. Qh6 Kg8 35. Qe6+ Kf8 36. h4 h5 37. Qh6+ Ke8 38. Qxh5+ Kd7 39. Qf7+ Kc8 40.
h5 Rd7 41. Qe8+ Rd8 42. Qe6+ Kc7 43. g4 Rd7 44. g5 Rh8 45. h6 Rhh7 46. Kg2 Rde7
47. Qxe7+ Rxe7 48. g6 1-0

[Event "Championship Saratov region 2014"]
[Site "Saratov"]
[Date "2014.12.14"]
[Round "9.3"]
[White "Sanzhaev, Darsen"]
[Black "Dmitriev, Igor"]
[Result "1-0"]
[WhiteElo "2344"]
[BlackElo "2279"]
[PlyCount "131"]
[EventDate "2014.12.06"]

1. d4 Nf6 2. c4 c5 3. d5 e5 4. Nc3 d6 5. e4 Nbd7 6. Bd3 a6 7. h3 g6 8. Be3 Rb8
9. a4 Bg7 10. Nge2 h5 11. g3 h4 12. Kd2 Bh6 13. Bxh6 Rxh6 14. Kc2 Rh8 15. Qd2
Nh5 16. g4 Nhf6 17. Rhg1 Qe7 18. Nc1 Nf8 19. Qe3 g5 20. a5 N6d7 21. Kd2 Ng6 22.
Bc2 Kf8 23. Nd3 Kg7 24. b4 cxb4 25. Nxb4 Nf4 26. Rgb1 Qd8 27. Nd3 Qc7 28. Rb4
f6 29. Ne2 Nxd3 30. Bxd3 b6 31. Rab1 b5 32. cxb5 Qxa5 33. Nc3 Nc5 34. b6 Bd7
35. b7 Rhd8 36. R1b2 Be8 37. Qe1 Qc7 38. Qb1 a5 39. Rb6 a4 40. R2b4 Nb3+ 41.
Rxb3 axb3 42. Qxb3 Rd7 43. Ba6 Qc5 44. Ke2 Rc7 45. Nd1 Ba4 46. Qb2 Bxd1+ 47.
Kxd1 Kf8 48. Ke2 Ke7 49. Bd3 Qd4 50. Qxd4 exd4 51. Ba6 Rc3 52. Rc6 Rxc6 53.
dxc6 Kd8 54. Bc4 Kc7 55. Bd5 Re8 56. Kd3 Re7 57. Kxd4 Re8 58. Kc3 Rf8 59. Kc4
Kb6 60. Kd4 Kc7 61. Kd3 Re8 62. Kc4 Kb6 63. Bf7 Rf8 64. Kd5 Kc7 65. Ke6 Kxc6
66. Ke7 1-0

[Event "Championship Saratov region 2014"]
[Site "Saratov"]
[Date "2014.12.14"]
[Round "9.4"]
[White "Karpenko, Artem"]
[Black "Gluhenkii, Dmitry"]
[Result "1/2-1/2"]
[WhiteElo "2165"]
[BlackElo "2141"]
[PlyCount "184"]
[EventDate "2014.12.06"]

1. d4 Nf6 2. c4 g6 3. Nc3 Bg7 4. e4 d6 5. f3 O-O 6. Nge2 Nc6 7. Be3 a6 8. Qd2
Rb8 9. Nc1 e5 10. d5 Nd4 11. N1e2 c5 12. dxc6 bxc6 13. Nxd4 exd4 14. Bxd4 d5
15. cxd5 cxd5 16. exd5 Qe7+ 17. Be2 Qb4 18. a3 Qxb2 19. Ra2 Qxd2+ 20. Rxd2 Rb3
21. a4 Re8 22. Kf2 Bh6 23. Rdd1 Nh5 24. Rb1 Be3+ 25. Bxe3 Rxc3 26. Bd2 Rc2 27.
Rhd1 Nf4 28. Bf1 Nxd5 29. Rbc1 Rb2 30. Kg1 Bf5 31. Bh6 Nb4 32. Re1 Ra8 33. Re7
Be6 34. Rec7 Nd5 35. R7c5 Ne7 36. Bg5 Nf5 37. Bf6 Ra2 38. Ra1 Rd2 39. Bg5 Rd6
40. Bf4 Rd4 41. Be5 Rb4 42. Ra5 Bc8 43. Rd1 Bb7 44. Bxa6 Bxa6 45. Rxa6 Re8 46.
Bf6 Rbb8 47. Rc6 Ra8 48. Ra1 Ra5 49. Bc3 Raa8 50. a5 Re2 51. a6 Ne3 52. a7
Rxg2+ 53. Kh1 Rc2 54. Rb6 Rxc3 55. Rb8+ Rc8 56. Rxc8+ Rxc8 57. a8=Q Rxa8 58.
Rxa8+ Kg7 59. Kg1 Nf5 60. Kf2 h5 61. Ke2 Nh6 62. Ke3 Nf5+ 63. Kf4 Nh6 64. Ra7
Nf5 65. Ra5 Nd4 66. Rd5 Ne6+ 67. Ke5 Ng5 68. Rd3 Nh7 69. f4 Nf6 70. h3 h4 71.
Kd4 Nh5 72. Ke3 f5 73. Rd7+ Kh6 74. Ra7 Nf6 75. Kd4 Ne4 76. Ke5 Ng3 77. Ra4 Nh5
78. Ke6 Kg7 79. Ra7+ Kh6 80. Ke5 Ng3 81. Ra8 Kg7 82. Ra7+ Kh6 83. Ra2 Kg7 84.
Rb2 Nh5 85. Rb7+ Kh6 86. Rb4 Kg7 87. Ke6 Ng3 88. Rb7+ Kh6 89. Ra7 Ne2 90. Ke5
Ng3 91. Ra8 Kg7 92. Ra7+ Kh6 1/2-1/2

[Event "Championship Saratov region 2014"]
[Site "Saratov"]
[Date "2014.12.14"]
[Round "9.5"]
[White "Guliev, Gasan"]
[Black "Sudnik, Pavel"]
[Result "0-1"]
[WhiteElo "2064"]
[BlackElo "2032"]
[PlyCount "68"]
[EventDate "2014.12.06"]

1. e4 c5 2. Nf3 Nc6 3. Bb5 Nf6 4. Nc3 Nd4 5. e5 Nxb5 6. exf6 Nxc3 7. fxg7 Bxg7
8. dxc3 d6 9. O-O O-O 10. Qd3 h6 11. Be3 Bg4 12. Qe4 Qd7 13. Rad1 Bf5 14. Qh4
Qe6 15. Rfe1 Bxc2 16. Rc1 Qg6 17. Qxe7 Rfe8 18. Qh4 Be4 19. Qg3 Qxg3 20. hxg3
b6 21. Rcd1 d5 22. Nh4 Rad8 23. f3 Bc2 24. Rd2 Bh7 25. Kf2 d4 26. cxd4 cxd4 27.
Bf4 Rxe1 28. Kxe1 Bb1 29. a3 h5 30. Rd1 Bc2 31. Rd2 d3 32. Rf2 Bxb2 33. Bd2
Re8+ 34. Kf1 Bd4 0-1

[Event "Championship Saratov region 2014"]
[Site "Saratov"]
[Date "2014.12.14"]
[Round "9.6"]
[White "Khatkevich, Alexandr"]
[Black "Efimov, Ivan"]
[Result "1-0"]
[WhiteElo "2049"]
[BlackElo "2157"]
[PlyCount "71"]
[EventDate "2014.12.06"]

1. e4 c5 2. Nf3 d6 3. c4 Nf6 4. Nc3 Nbd7 5. d4 cxd4 6. Nxd4 e6 7. Be3 b6 8. Be2
Bb7 9. f3 d5 10. cxd5 exd5 11. exd5 Nxd5 12. Nxd5 Bxd5 13. O-O Bc5 14. b4 Bxd4
15. Qxd4 Nf6 16. Bb5+ Ke7 17. Qe5+ Kf8 18. Rfe1 Qb8 19. Qd4 Qb7 20. Bg5 a6 21.
Bxf6 gxf6 22. Qxf6 Rg8 23. Qd6+ Kg7 24. Re7 axb5 25. Rxb7 Bxb7 26. Qxb6 Ba6 27.
a4 Rgb8 28. Qd4+ Kg8 29. axb5 Bxb5 30. Rxa8 Rxa8 31. h4 Be8 32. h5 Ra6 33. Qd8
Kf8 34. b5 Ra7 35. b6 Rb7 36. h6 1-0

[Event "Championship Saratov region 2014"]
[Site "Saratov"]
[Date "2014.12.14"]
[Round "9.7"]
[White "Raisov, Idris"]
[Black "Kvitka, Roman"]
[Result "1/2-1/2"]
[WhiteElo "2049"]
[BlackElo "2140"]
[PlyCount "131"]
[EventDate "2014.12.06"]

1. Nf3 d5 2. g3 Nf6 3. Bg2 Bf5 4. O-O c6 5. c4 e6 6. cxd5 exd5 7. Nc3 Be7 8. d4
O-O 9. Nh4 Be6 10. Qc2 Re8 11. a3 Nbd7 12. Nf3 h6 13. b4 Nb6 14. Ne5 a5 15. b5
cxb5 16. Nxb5 Rc8 17. Qd3 Nc4 18. f4 a4 19. f5 Bd7 20. Nc3 Nxe5 21. dxe5 Bc5+
22. Kh1 Rxe5 23. Nxd5 Nxd5 24. Bb2 Re3 25. Qxd5 Rxe2 26. Rad1 Rxg2 27. Qxg2 Bc6
28. Rxd8+ Rxd8 29. Qxc6 bxc6 30. Rc1 Rd5 31. f6 g5 32. Rc2 Kh7 33. g4 Kg6 34.
Kg2 Bf8 35. Kf3 Rb5 36. Bd4 c5 37. Bb2 Rb3+ 38. Ke4 h5 39. gxh5+ Kxh5 40. Kd5
Kg6 41. Rf2 g4 42. Rg2 Kf5 43. Rf2+ Rf3 44. Re2 Rd3+ 45. Kc4 Rb3 46. Rf2+ Ke4
47. Rg2 Kf4 48. Rf2+ Rf3 49. Re2 Rb3 50. Rf2+ Kg5 51. Bc1+ Kg6 52. Rf4 Kh5 53.
Rf5+ Kg6 54. Rf4 Rb1 55. Rxg4+ Kxf6 56. Rg1 Ke6 57. Be3 Rb3 58. Re1 Kd7 59.
Bxc5 Bxc5 60. Kxc5 Rxa3 61. Kb4 Ra2 62. Rh1 Ke6 63. h4 Kf6 64. h5 Kg7 65. h6+
Kh7 66. Rf1 1/2-1/2

[Event "Championship Saratov region 2014"]
[Site "Saratov"]
[Date "2014.12.14"]
[Round "9.8"]
[White "Chekmareva, Liya"]
[Black "Lysenkov, Alexandr"]
[Result "1/2-1/2"]
[WhiteElo "1948"]
[BlackElo "2113"]
[PlyCount "53"]
[EventDate "2014.12.06"]

1. e4 c6 2. d4 d5 3. Nc3 dxe4 4. Nxe4 Nd7 5. Ng5 Ngf6 6. Bd3 Nb6 7. N1f3 Bg4 8.
c3 Bxf3 9. Qxf3 h6 10. Ne4 Nxe4 11. Bxe4 e6 12. Bf4 Bd6 13. Bg3 Bxg3 14. hxg3
Qc7 15. g4 O-O-O 16. a4 Nc4 17. b4 Nd6 18. Bd3 Rhe8 19. Rh5 f6 20. Kf1 e5 21.
dxe5 Rxe5 22. Rxe5 fxe5 23. Kg1 Kb8 24. Re1 Nf7 25. Bg6 Nh8 26. Bf5 Nf7 27. Bg6
1/2-1/2

[Event "Championship Saratov region 2014"]
[Site "Saratov"]
[Date "2014.12.14"]
[Round "9.9"]
[White "Gitelson, Arkady"]
[Black "Palin, Denis"]
[Result "0-1"]
[WhiteElo "1854"]
[BlackElo "2108"]
[PlyCount "84"]
[EventDate "2014.12.06"]

1. Nf3 Nf6 2. g3 g6 3. Bg2 Bg7 4. O-O O-O 5. c4 c6 6. d4 d5 7. cxd5 cxd5 8. Nc3
Bf5 9. Qb3 Qb6 10. Nxd5 Nxd5 11. Qxd5 Nc6 12. Qc5 Bxd4 13. Qxb6 axb6 14. Nxd4
Nxd4 15. e4 Be6 16. Bh6 Rfd8 17. a3 Rd7 18. Kh1 Bc4 19. Rfd1 Rad8 20. Rac1 b5
21. Bh3 f5 22. Be3 Nb3 23. Rxd7 Rxd7 24. Re1 e6 25. exf5 exf5 26. g4 Bd3 27.
gxf5 gxf5 28. Bh6 Kf7 29. Bg2 Bc4 30. Bg5 Nc5 31. Bf3 Ne6 32. Be3 f4 33. Bc1
Bd5 34. Kg2 Kf6 35. b4 Kf5 36. Bb2 Bxf3+ 37. Kxf3 Ng5+ 38. Kg2 Rd2 39. Re5+ Kg4
40. Bc3 Rc2 41. Rc5 f3+ 42. Kf1 Ne4 0-1

[Event "Championship Saratov region 2014"]
[Site "Saratov"]
[Date "2014.12.14"]
[Round "9.10"]
[White "Upolovnev, Vladimir"]
[Black "Aseeva, Anastasia"]
[Result "0-1"]
[WhiteElo "1909"]
[BlackElo "1983"]
[PlyCount "114"]
[EventDate "2014.12.06"]

1. Nc3 d5 2. e4 c6 3. Nf3 g6 4. d3 Bg7 5. Bg5 dxe4 6. dxe4 Qxd1+ 7. Nxd1 Nf6 8.
Nc3 Nbd7 9. Be2 Nc5 10. Nd2 Ne6 11. Be3 O-O 12. O-O b6 13. f4 Nd7 14. Bf3 Nd4
15. Rac1 Nxf3+ 16. Nxf3 Bb7 17. Bd4 Bh6 18. g3 Rfe8 19. Kf2 Rad8 20. Rcd1 c5
21. Be3 Nf6 22. Nd2 Ng4+ 23. Kf3 Nxh2+ 24. Kg2 Nxf1 25. Rxf1 Bg7 26. Kf2 Bd4
27. g4 a6 28. Na4 b5 29. Nc3 c4 30. Nd1 Rd7 31. Nf3 Bxe3+ 32. Kxe3 Red8 33. Nf2
a5 34. Rc1 b4 35. c3 Ba6 36. f5 Rb8 37. Nd4 Rc7 38. Nd1 Rc5 39. Rc2 Bb5 40. Rd2
Ba4 41. Nf2 bxc3 42. bxc3 Rb1 43. Kf4 Rc1 44. Ne2 Rc2 45. Rxc2 Bxc2 46. Nd4 Bb1
47. a3 Rc8 48. e5 Kg7 49. Nd1 h5 50. gxh5 gxf5 51. e6 fxe6 52. Ke5 Kh6 53. Nxe6
Kxh5 54. Ne3 Be4 55. Nxf5 Bxf5 56. Kxf5 Rb8 57. Nd4 Rb3 0-1